| 000 | 00791nam a22001937a 4500 | ||
|---|---|---|---|
| 999 |
_c175936 _d175936 |
||
| 005 | 20201013151358.0 | ||
| 010 | _aUR-10887 | ||
| 020 |
_c150.00 _a9789389733778 |
||
| 035 | _aU-9442 | ||
| 037 | _bDBAD/PUB | ||
| 082 | _a808.88 | ||
| 100 | _aمحمد نو ا ز خا ن ا و ر ز ا ہد خا ن | ||
| 245 |
_aا طلا لۃ علی ا لد ر ا سا ت ا لعر بيۃ _cمحمد نو ا ز خا ن ا و ر ز ا ہد خا ن |
||
| 246 |
_bIthlaathun Ala Dirasaathil Arabiyya (Urdu) _aby Mohd. Nawaz Khan and Mohd. Zahid |
||
| 260 |
_aN.Delhi _bEducational Publishing House _c2020 ء |
||
| 270 |
_aH.O.D1/16,Ansari Road,Darya ganj, _bN.Delhi _e110002 _k45678285,23216162 _l0091-11-23211540 |
||
| 300 |
_a127 ص _c22 Cm(Hb) |
||
| 942 |
_2ddc _cUR _h808.88 _mم ح م |
||